00581nmm a2200169Ia 4500008004100000020001500041041000800056100003100064245010600095264006900201300001800270490002200288650002700310856005000337942000700387999001700394251105s9999||||xx |||||||||||||||||und|| a8477338663 aspa aCasado Cañeque, Fernando 0aLa RSE ante el espejo : carencias, complejos y expectativas de la empresa responsable en el siglo XXI a[Madrid, España] :bPrensas Universitarias de Zaragoza, c2006 a166 páginas aCiencias sociales aEconomics and Business uhttps://public.digitaliapublishing.com/a/2160 cCF c73420d73420